000 00441nam a2200157Ia 4500
008 210716s2004 xx 000 0 und d
020 _a8176354139
041 _aeng
082 _a006.37 PERG
100 _aPerry, Greg; Hettihewa, Sanjaya.
245 _aSams teach yourself: visual basic 6 in 24 hours.
_bVisual basic 6 in 24 hours.
250 _a1
260 _aNew Delhi
_bTechmedia
_c2004
300 _axv,450
650 _aVisual Basic
999 _c187497
_d187497